| 000 | 00479nam a22001817a 4500 | ||
|---|---|---|---|
| 005 | 20190617102934.0 | ||
| 008 | 160113b xxu||||| |||| 00| 0 spa d | ||
| 041 | _aEspañol | ||
| 082 |
_aCR 863.44 _bM977m2 |
||
| 100 |
_aMurillo, Catalina _9432 |
||
| 245 | _aMarzo todopoderoso | ||
| 250 | _a2 edición | ||
| 260 |
_aCosta Rica _bLanzallamas _c2010 |
||
| 300 | _a227 páginas | ||
| 650 |
_aLITERATURA COSTARRICENSE _9424 |
||
| 650 |
_aNOVELA COSTARRICENSE _9423 |
||
| 942 | _cLIT | ||
| 999 |
_c7323 _d7323 |
||